000 00510nam a2200145 i 4500
001 50019
003 ES-MaACL
007 t|
008 030728s1954 sp ||||1| spa d
100 1 _aCriado de Val, Manuel.
_941605
245 1 0 _aFisionomía del idioma español, sus características comparadas con las del francés, italiano, portugués, inglés y alemán /
_cM. Criado de Val.
260 _aMadrid :
_bAguilar,
_c[1954] (
_fOgrama)
300 _aXV, 256 p. ;
_c22 cm.
852 _aES-MaACL
_jC-7282
_bR.36025
999 _c50019
_d50019